[Event "Donetzk zt"]
[Site "Donetsk"]
[Date "1998.11.06"]
[Round "5"]
[White "Ponomariov, Ruslan"]
[Black "Tukmakov, Vladimir B"]
[Result "1-0"]
[WhiteElo "2585"]
[BlackElo "2605"]
[Annotator "Lukacs,P"]
[PlyCount "64"]
[EventDate "1998.11.02"]
[EventType "swiss"]
[EventRounds "11"]
[EventCountry "UKR"]
[SourceTitle "CBM 068"]
[Source "ChessBase"]
[SourceDate "1999.02.01"]
[SourceVersion "1"]
[SourceVersionDate "1999.02.01"]
[SourceQuality "1"]

1. e4 {Rodriguez,Am} c6 2. d4 d5 3. Nc3 dxe4 4. Nxe4 Bf5 5. Ng3 Bg6 6. h4 h6 7.
Nf3 Nf6 {Old fashion becomes new again!} (7... Nd7 {is the old main line,
which is completely playable.}) 8. Ne5 Bh7 9. Bd3 {Rodriguez,Am: 'In the early
years of 7...Nf6 everybody went for 9.Bc4 in this position but things have
changed, nowadays most people know that Black is doing fine, so 1998 was the
year of 9.Bd3 with at least 14 known games for a move that had been played
only a few times before.'} Bxd3 10. Qxd3 e6 11. Bf4 ({There are many games with
} 11. Bd2 {Rodriguez,Am as well}) 11... Nbd7 (11... Nd5 12. Bd2 {and Black has
lost a tempo, because the d5 N will be chased away by c2-c4.} Nd7 13. O-O-O
N7f6 14. c4 Nb4 15. Bxb4 Bxb4 16. Qb3 Qe7 17. Kb1 O-O 18. f4 $14 {
Lakos-Kakhiani, Elista (ol) 1998}) (11... Qa5+ $5 {Rodriguez,Am Is the move to
watch for since it has been played by Leko and Magem, two major players in
this line for Black.} 12. Bd2 (12. c3 Qa6 (12... Nbd7 13. O-O Nxe5 (13... Nd5
14. Qf3 Qd8 15. Rfe1 N7f6 16. Nh5 g6 17. Nxf6+ Qxf6 18. Re4 Qg7 $6 19. c4 Nxf4
20. Rxf4 f5 21. Nxc6 $1 Bd6 22. Re1 $1 Bxf4 23. Rxe6+ Kf8 24. Qxf4 Qd7 25. Rf6+
{1-0 Pavlovic,M-Tukmakov,V/Open, Biel SUI 1998}) 14. dxe5 Nd5 15. Qf3 Nxf4 16.
Qxf4 Rd8 17. Rfe1 Be7 18. Nh5 Rg8 $132 {Vehi Bach,V-Magem Badals,J/Linares ESP
1998}) 13. Qf3 Nbd7 14. Nxd7 Kxd7 15. Be5 Be7 16. b3 Rhd8 17. c4 Qa5+ 18. Ke2
Ke8 $13 {Black went on to win later when White made a risky sacrifice,Topalov,
V-Leko,P/Tilburg 1998}) 12... Qa6 (12... Bb4 13. c3 Be7 14. Ne4 (14. c4 Bb4 15.
a3 Bxd2+ 16. Qxd2 Qxd2+ 17. Kxd2 Nbd7 {1/2-1/2 Gomez Esteban,J-Magem Badals,J/
Salamanca 1998}) 14... Nxe4 15. Qxe4 Nd7 16. Nxd7 Kxd7 17. c4 Bb4 18. Rd1 Rad8
19. a3 {1/2-1/2 Kudrin,S-Magem Badals,J/Beijing 1998}) 13. Qb3 c5 14. O-O-O Nc6
15. Nxc6 Qxc6 16. dxc5 Bxc5 17. Bb4 {1/2-1/2 Emms,J-Teske,H/GER 1997/BL9697})
12. O-O-O Be7 (12... Nxe5 13. Bxe5 Ng4 14. Qe2 Nxe5 15. dxe5 Qa5 16. Kb1 Be7
17. Nh5 $1 {provoking the weakening move} g6 18. Ng3 Rd8 19. Rxd8+ Kxd8 20. Qe3
Kc7 21. Qf4 Rf8 22. Ne4 Qd5 23. f3 h5 24. Nf2 Kc8 25. Rd1 $16 {Z.Almasi-P.
Schlosser, AUT-cht 1998}) 13. Kb1 O-O 14. c4 (14. Qe2 Qb6 $5 (14... a5 {
This is a well-known plan for Black to put pressure on White's <<.} 15. c4 a4
16. Rd3 Rc8 17. Ne4 Nxe4 18. Qxe4 Nxe5 19. dxe5 Qb6 20. Be3 Bc5 $11 {
Ivanchuk-Anand, Frankfurt rapid 1998}) 15. Rd3 Rad8 16. c4 Nxe5 $1 17. dxe5 $2
(17. Bxe5 c5) 17... Rxd3 18. Qxd3 Ng4 19. Qe2 (19. Qf3 f5 $1) 19... Nxf2 20.
Rf1 Bc5 21. Nh5 Rd8 $19 {Shabalov-Yermolinsky, Los Angeles 1998}) (14. Ne4 Nxe4
15. Qxe4 Nxe5 16. Bxe5 Qd5 17. Qe2 {Exchanging queens helps only for Black
here.} Rad8 18. c4 Qd7 19. g4 $36 {Yermolinsky} (19. Qg4 $2 f6 20. Bf4 e5 $1 {
Black liquidates for an equal _|_.} 21. Qxd7 Rxd7 22. dxe5 Rxd1+ 23. Rxd1 fxe5
24. Bg3 Rd8 25. Rxd8+ Bxd8 26. f3 h5 $1 $11 {blockading the >< h4})) 14... c5
$6 {This is the push White is aiming for.  Rodriguez,Am: 'It seems safer to
continue with moves like ...a5 or ...Re8'} (14... a5 $5 {/\ a4}) (14... Nxe5 $6
15. Bxe5 $142 (15. dxe5 Qxd3+ 16. Rxd3 Ng4 17. Rf1 (17. Rd2 Rad8 18. Rhd1 $2
Nxf2 $1) 17... Bxh4 18. f3 g5 $1) 15... Ng4 16. Qe2 Nxe5 17. dxe5 Qc7 18. f4
$14) 15. d5 $1 {White creates a strong o^ in the [+]. Black has seen this, but
he thought that tactics will work for him...} Nxe5 16. Bxe5 Ng4 $2 {Following
the wrong plan, although this was the main idea.} (16... Nd7 $2 17. Bxg7 $1
Kxg7 18. dxe6 $18) (16... exd5 17. cxd5 (17. Nf5 $5 {/\ Qg3 deserves attention
as well.}) 17... Bd6 18. Bxd6 Qxd6 19. Nf5 $16 {and the d o^ is really strong,
deviding the black army in two parts..}) 17. Bxg7 $3 {'!' Rodriguez,Am. I
wonder if the young talent knew the old Karpov-Hubner game with the same
motif? Rodriguez,Am: 'The same sacrifice that took place in the famous game
Karpov-Hubner, Tilburg 1982, deeply analized in many publications and in
particular by Hubner himself in CBM. In that game the complications were not
clear at all, but here there is a very important difference, instead of h4-h5
White has played Kb1 so the main Black's defensive resource named ...Bg5+ does
not exist and so he is hopelessly lost and should have never allowed this
sacrifice.'} Kxg7 (17... Nxf2 {Rodriguez,Am} 18. Qe3 Kxg7 (18... Bf6 19. Nh5
Ng4 20. Qe2) 19. Qxf2 {looks poor for Black either.}) 18. Qe2 $1 f5 $6 (18...
Nf6 {was the most persistant defence, for example:} 19. dxe6 Qe8 (19... Qc7 $2
20. Nf5+ Kh7 {Rodriguez,Am: 'No direct continuations seem to work so White
probably has to content himself with'} (20... Kh8 {Rodriguez,Am No direct
continuations seem to work so White probably has to content himself with} 21.
exf7 Rxf7 22. Nxh6 Rh7 23. Nf5 Re8 24. Qf3 {to push his pawns on the kingside.
It is undoubtely that White has the better prospects but Black can put up a
tough defence.}) 21. Qd2 Ng8 22. Qc2 $18) 20. Nf5+ Kh8 (20... Kh7 21. exf7 Rxf7
22. Rhe1 Bf8 23. Qc2 $18) 21. exf7 Rxf7 22. Nxh6 $16) 19. f3 $18 Nf6 20. Qxe6 {
'+-' Rodriguez,Am.} (20. dxe6 $5 {Rodriguez,Am followed by 21.Nxf5+ and 22.g4
was also very nice.}) 20... Ng8 21. Nxf5+ Kh7 22. g4 (22. Qe4 $5 {Rodriguez,Am}
Kh8 23. g4 {was maybe a more precise order.}) 22... Qb6 23. Rhe1 Qxe6 24. dxe6
Rxf5 25. gxf5 Bxh4 26. Rd7+ Ne7 (26... Be7 27. f6 $1) 27. Rh1 Bf6 28. Rxb7 Rg8
29. Rxa7 Rg5 30. f4 Rxf5 31. Rf1 Kg6 32. a4 Rh5 1-0

[Event "Festival comtois 3rd"]
[Site "Belfort"]
[Date "1998.12.20"]
[Round "7"]
[White "Rozentalis, Eduardas"]
[Black "Ponomariov, Ruslan"]
[Result "1/2-1/2"]
[WhiteElo "2575"]
[BlackElo "2585"]
[Annotator "Kaspi,A"]
[PlyCount "72"]
[EventDate "1998.12.14"]
[EventType "tourn"]
[EventRounds "10"]
[EventCountry "FRA"]
[EventCategory "13"]
[SourceTitle "CBM 069"]
[Source "ChessBase"]
[SourceDate "1999.04.01"]
[SourceVersion "1"]
[SourceVersionDate "1999.04.01"]
[SourceQuality "1"]

1. e4 {Tyomkin,D} d6 2. d4 Nf6 3. Nc3 g6 4. Nf3 Bg7 5. Be2 O-O 6. O-O Bg4 7.
Be3 Nc6 8. d5 Nb8 9. a4 a5 (9... Bxf3 10. Bxf3 a5 {1/2-1/2 Golubev,M-Chernin,A/
Biel 1995/EXP 48 (10)}) 10. Nd4 $146 {This variation ls not dangerous for
black at all:there are no week points in black position,pieces are placed well.
} (10. Nd2 Bxe2 11. Qxe2 c6 12. Nc4 Nfd7 13. Rad1 Ne5 14. Nxe5 Bxe5 15. Bd4
Bxd4 16. Rxd4 Nd7 17. Rd3 Qb6 18. Rh3 Nf6 19. Qd2 h5 20. Kh1 cxd5 21. exd5 Qxb2
22. Rb1 Qa3 23. g4 $4 (23. Rxb7 $13) 23... Nxg4 24. Rg1 Rac8 $19 {0-1
Sutovskij,E-Chernin,A/Rishon le Zion 1994/CBM 45 (34)}) 10... Bxe2 11. Qxe2 c6
12. f3 Qc7 13. Rad1 Na6 14. Qd2 {/\Bh6} Rfe8 {Intending to move B to-h8 after
Bh6.} 15. Rfe1 Nb4 16. Nb3 Nd7 17. Bd4 Rac8 18. Bxg7 Kxg7 19. Qd4+ Kg8 20. Rd2
{[%cal Yd2c2]} Qb6 $5 {Interesting solution which leads to complications.} 21.
Qxb6 Nxb6 22. Nxa5 Ra8 23. Nxb7 Reb8 24. dxc6 (24. a5 Nc4 25. Rd4 cxd5 26. Nxd5
Nxc2 27. Rxc4 Nxe1 28. Nxe7+ Kg7 29. Rc7 Ra7 30. a6 Rxa6 31. Nc8 Ra1 32. Kf2
Nd3+ 33. Ke3 Rc1 34. Rxc1 Nxc1 35. Ncxd6 Ra8 $11) 24... Nxc6 25. Nxd6 exd6 26.
Rxd6 Nb4 27. b3 Nxc2 28. Rc1 {[%mdl 1024] This material balance(3 pawns for
knight) doesn't give advantage to any side in this position.} Nb4 29. Nb5 Rb7
30. Rc7 {Any try of white to play for win leads to worse position.} (30. Rd4
Na6 31. Rc6 $11 (31. a5 $6 Nd7 32. Nc7 Rxc7 33. Rxc7 Nxc7 34. Rxd7 Ne6 35. b4
Rb8 36. a6 Rxb4 37. a7 Ra4 $17)) 30... Rxc7 31. Nxc7 Rb8 32. Kf2 (32. a5 $6 Na8
33. Nd5 Nxd5 34. exd5 Nc7 $17) 32... Kf8 33. Rd4 Nc6 34. Rd6 Nb4 35. Rd4 Nc2
36. Rd2 Nb4 1/2-1/2

[Event "Hastings 9899"]
[Site "Hastings"]
[Date "1999.01.02"]
[Round "4"]
[White "Ponomariov, Ruslan"]
[Black "Fressinet, Laurent"]
[Result "1/2-1/2"]
[WhiteElo "2585"]
[BlackElo "2455"]
[Annotator "Ribli,Z"]
[PlyCount "142"]
[EventDate "1998.12.29"]
[EventType "tourn"]
[EventRounds "9"]
[EventCountry "ENG"]
[EventCategory "13"]
[SourceTitle "CBM 069"]
[Source "ChessBase"]
[SourceDate "1999.04.01"]
[SourceVersion "1"]
[SourceVersionDate "1999.04.01"]
[SourceQuality "1"]

1. e4 c5 2. Nf3 Nc6 3. d4 cxd4 4. Nxd4 Qc7 5. Nc3 e6 6. Be3 a6 7. Bd3 {Das ist
eine prinzipielle Variante. Weiß strebt eine Angriffsstellung an. Ribli.} Nf6
8. O-O Ne5 9. Nf3 {Dieser Zug wurde in der modernen Turnierpraxis praktisch
nie gespielt. Die Alternative 9.h3 ist die Hauptvariante, Weiß kann aber auch
9.Be2 ziehen.} Ng6 $5 {In der Hauptvariante spielt Schwarz auch diesen
Springerzug, aber dort ist der Angriffszug f2-f4 schon gemacht. Trotzdem
glaube ich, die Alternative 9...Nfg4 ist für Schwarz besser als die
Partiefortsetzung.} (9... Bd6 10. Nxe5 Bxe5 11. f4 Bxc3 12. bxc3 Qxc3 13. e5
Nd5 14. Bd2 Qc5+ 15. Kh1 b5 {0-1 Jansa,V-Kveinys,A/Prague 1993/CBM 37 (44)}) (
9... Nfg4 $5 {Ich empfehle diesen Zug für Schwarz.} 10. Bf4 Bd6 (10... Be7 11.
Nxe5 Nxe5 12. Qh5 d6 13. Bg5 Bxg5 14. Qxg5 O-O 15. Qe3 b5 {1/2-1/2 Mohr,
G-Gostisa,L/SLO-ch 1996/EXT 96ch2 (15)}) 11. Nd4 Nxd3 12. Bxd6 Qxd6 13. Nf3 b5
14. cxd3 Bb7 15. h3 Ne5 16. Nxe5 Qxe5 17. d4 Qf4 18. a3 Rc8 19. Qd3 O-O 20.
Rad1 f5 21. e5 Rc7 22. Rfe1 Rfc8 23. Re3 Qh4 24. Rg3 h6 25. d5 Rxc3 $1 26. bxc3
Bxd5 $17 {1/2-1/2 Timman,J-Ribli,Z/Reykjavik WCup 1988/CBM 10 (51)}) (9...
Nxf3+ 10. Qxf3 $14) 10. Na4 {[%csl Yb6] Die schwarzen Springer sind weit vom
Damenflügel entfernt, so daß Weiß dort seine Chancen sucht.} b5 11. Nb6 Rb8 12.
Nxc8 $14 {Weiß besitzt das Läuferpaar und Entwicklungsvorsprung. Schwarz ist
ohne besonderes Gegenspiel.} Qxc8 (12... Rxc8 13. a4 $16) 13. Bd4 (13. e5 $5
Nd5 14. Bd4 Bc5 15. Be4 $14) (13. a4 bxa4 14. Rxa4 Rxb2 15. Rxa6 $14) (13. Ba7
$5 Ra8 (13... Rb7 14. Bd4 Bc5 15. a4 $14) 14. Bd4 Bc5 15. c3 $14) 13... Bc5 $5
(13... Be7) 14. c3 (14. Bxf6 gxf6 15. a4 $14) 14... d6 15. b4 Bb6 (15... Bxd4
$6 16. cxd4 $14 {[%csl Gd4,Ge4]}) 16. Rc1 O-O 17. c4 {[%cal Gc1c8] Weiß öffnet
das Spiel am Damenflügel, aber auch Schwarz bekommt seine Gegenchancen.} Bxd4
18. cxb5 $2 (18. Nxd4 bxc4 19. Rxc4 Qb7 20. Nc6 Rbc8 21. Na5 Qb6 $13) {[#]}
18... Bxf2+ $1 {Ein starker Zwischenzug, der eigentlich einen Bauern gewinnt.}
(18... Qd7 19. Nxd4 axb5 $11) 19. Rxf2 Qd7 $13 {[%cal Gd7a7,Ga7g1]} 20. Nd4 (
20. bxa6 Ng4 $36 {[%csl Rf2,Rg1][%cal Rd7a7,Ra7g1]}) 20... axb5 $17 {Schwarz
hat einen Bauern mehr und Weiß dafür nur sehr wenig Kompensation. Der b5-Bauer
ist immer eine Schwäche der schwarzen Stellung.} 21. Kh1 Qa7 {[%cal Ga7f2]} 22.
Bb1 (22. Bxb5 $2 Nxe4 $40) 22... Rbc8 (22... Ne5 $5 $17 {[%csl Ge5] Der
Springer steht ausgezeichnet auf e5. Weiß hat viele Schwächen.}) 23. Rxc8 Rxc8
{Schwarz droht jetzt, 24...Qxd4 25.Qxd4 Rc1+ zu spielen.} 24. Rf1 Qb6 25. Nf3
Qc6 {[%cal Gc8c1]} (25... Nd7 $17 {[%cal Gd7e5,Gg6e5]}) 26. Bd3 e5 $6 {Auch
nach diesem Zug besitzt Schwarz klar bessere Chancen, aber die Alternative 26..
.Nxe4 scheint mir besser zu sein.} (26... Nxe4 $1 27. Bxe4 Qxe4 28. Qxd6 (28.
Ng5 Qc4 29. Nxf7 Rf8 {[%csl Rf1,Rf7]} 30. Qf3 e5 $19 (30... Ne5 $2 31. Nh6+ $18
)) 28... Qe2 {[%cal Re2f1,Re2a2]} 29. Ra1 Rc2 $19) 27. Qb3 Nf4 28. Nd2 (28. Nd4
Qc1 29. Nxb5 (29. Rxc1 Rxc1+ $19) 29... Qd2 $19) 28... Qb6 29. g3 Ne6 30. Nf3
Nd4 31. Qb2 (31. Nxd4 Qxd4 {[%csl Gd4,Re4][%cal Rc8c3,Rc3d3,Rc3b3]}) 31... Nxf3
32. Rxf3 Qb7 {[%csl Re4]} 33. Re3 (33. Qe2 d5 34. exd5 Qxd5 $19 {[%csl Rf3,Rh1]
}) 33... Qb6 34. Re1 (34. Rf3) 34... Ng4 {[%csl Rd3][%cal Rg4f2,Rf2h1,Rf2d3]}
35. Bf1 Nf6 $2 {Schwarz spielt zu schablonenhaft. Statt der positionellen
Partiefortsetzung konnte er sofort gewinnen.} (35... Nf2+ $1 36. Kg2 Nxe4 37.
Rxe4 Qb7 {[%csl Re4,Rg2][%cal Rb7g2]} 38. Bd3 f5 $19) 36. Qd2 h6 37. a3 Rc7 38.
Qe3 Qb7 39. h3 {Gegen eventuelles ...Ng4 gerichtet.} Rc8 40. Kg1 Rd8 $6 {
Schwarz bereitet den Durchbruch ...d6-d5 vor, aber der Turm steht wohl besser
in der c-Linie.} 41. Bg2 Rc8 42. Rd1 Rc6 43. Qd3 {Weiß steht schlecht und hat
einen Bauern weniger, aber die direkten Drohungen hat er überlebt.} Ne8 44. h4
{[%cal Gg2h3,Gh3c8]} Qb6+ 45. Kf1 Rc4 {[%csl Gc4]} 46. Bf3 Kf8 {Schwarz
verbessert seine Königsstellung. Weiß kann hingegen nur abwarten.} 47. Be2 {
[%cal Ge2b5]} Ke7 {[%csl Ge7]} 48. Qb1 Rc6 49. Qd3 Nc7 {[%cal Gc7e6,Ge6d4,
Gc7b5] Der Springer verteidigt den b5-Bauern und würde gern über e6 nach d4
gelangen, ist aber langfristig an die Verteidigung des Bauern gebunden.} 50.
Kg2 Rc4 51. Qb1 Rc3 {[%cal Rc3a3]} 52. Rd3 Qc6 53. Rxc3 Qxc3 {[%csl Gc3]} 54.
Qd3 $8 Qxd3 (54... Qb2 55. Kh3) 55. Bxd3 {[%csl Rb5] Wegen der Schwäche des
Bauern b5 ist die Verwertung des schwarzen Mehrbauern äußerst schwierig.} Ke6 (
55... Kd7 56. Kf2 Kc6 57. Ke3 Ne6 $17 {[%csl Yd4][%cal Ge6d4]}) 56. Kf3 d5 57.
exd5+ Kxd5 58. Ke3 $15 h5 (58... Kc6 59. Ke4 $15) 59. Be2 g6 60. Bf1 f5 {
Schwarz aht eine 4:2-Bauernmehrheit am Königsflügel, aber sein Problem ist die
schlechte Stellung seines Springers.} 61. Bd3 Kc6 62. Kd2 Nd5 63. Bc2 Kd6 (
63... Nf6 $5 64. a4 bxa4 65. Bxa4+ Kd6 $17) (63... Nb6 64. Bb3 {[%cal Rb3f7,
Rf7g6]}) 64. Bd3 Nc7 65. Ke3 Ke6 66. Be2 Kf6 {Der junge Franzose findet keinen
Gewinnplan. Mit Abwartezügen kann er nicht vorankommen.} 67. Kf2 e4 68. Ke3 Ke5
69. Bf1 Nd5+ {[%csl Gd5,Ge4,Ge5]} 70. Kd2 Nc7 (70... e3+ $1 71. Kd3 (71. Ke1
Nc3 $19 {[%csl Gc3,Re1,Ge3][%cal Gc3b5]}) 71... f4 72. gxf4+ Kxf4 73. Kd4 Ne7
74. Bxb5 Nf5+ 75. Kd3 Nxh4 $17) 71. Ke3 Nd5+ {[%mdl 4160] Und Remis wegen
Stellungswiederholung.} 1/2-1/2

[Event "Hastings 9899"]
[Site "Hastings"]
[Date "1999.01.04"]
[Round "6"]
[White "Ponomariov, Ruslan"]
[Black "Emms, John M"]
[Result "1/2-1/2"]
[WhiteElo "2585"]
[BlackElo "2585"]
[Annotator "Ribli,Z"]
[PlyCount "143"]
[EventDate "1998.12.29"]
[EventType "tourn"]
[EventRounds "9"]
[EventCountry "ENG"]
[EventCategory "13"]
[SourceTitle "CBM 069"]
[Source "ChessBase"]
[SourceDate "1999.04.01"]
[SourceVersion "1"]
[SourceVersionDate "1999.04.01"]
[SourceQuality "1"]

1. e4 c5 2. Nf3 e6 3. d4 cxd4 4. Nxd4 Nc6 5. Nc3 Qc7 6. Be3 a6 7. Bd3 b5 {
Populärer ist die Fortsetzung 7...Ne5, aber der Textzug ist auch spielbar.
Typisch für die Paulsen-Variante entwickelt Schwarz zuerst den Damenflügel.
Ribli.} 8. O-O Bb7 9. Nxc6 Qxc6 {Nach diesem Zug kontrolliert Schwarz die
Diagonale a8-h1 und Weiß kann nicht e4-e5 spielen.} (9... Bxc6 10. Qe2 $14) 10.
Re1 (10. Kh1 Nf6 11. f3 Bc5 12. Qe1 Bxe3 13. Qxe3 Qc7 $1 14. a4 b4 15. Na2 a5
16. c3 bxc3 17. Nxc3 O-O $10 {Almasi,Z-Leko,P/Groningen/1995/CBM48/INF65,188/})
10... Nf6 11. a3 {Ohne diesen weißen Zug bekommt Schwarz Gegenspiel mit ...
b5-b4.} (11. Bd4 Be7 12. Qf3 b4 $5 13. Nd1 d6 14. b3 O-O 15. Bb2 Nd7 $10 {
1/2-1/2 Polgar,J-Leko,P/Dortmund 1996/CBM 54/[Ribli] (51)}) 11... Be7 12. Qf3 {
Weiß bereitet entweder Qg3 oder Qh3 mit der Absicht e4-e5 vor.} d6 13. Rad1 (
13. Qh3 Nd7 (13... Qc7 14. Bd4 e5 15. Be3 O-O 16. Bg5 Rfe8 17. Rac1 Qc8 18. Qf3
Qg4 19. Qxg4 Nxg4 20. Bxe7 Rxe7 21. Nd5 Bxd5 22. exd5 Nf6 23. c4 bxc4 24. Rxc4
a5 {1/2-1/2 Kokkila,T-Hnydiuk,A/Koszalin 1998/EXP 65 (47)}) (13... h5 14. Bg5
Qc5 15. Be3 Qc6 16. f3 g5 17. a4 b4 18. Na2 g4 19. fxg4 d5 {1-0 Topalov,
V-Polgar,J/Novgorod 1996/CBM 54 (60)}) 14. Bd4 Bf6 15. Bxf6 Nxf6 16. e5 dxe5
17. Rxe5 O-O-O 18. Rg5 Kb8 19. Rxg7 Rhg8 20. Rxg8 Rxg8 21. f3 Qc5+ 22. Kh1 Qe3
23. Rf1 Qd2 24. Rd1 Qe3 25. Rf1 Qd2 26. Rd1 Qe3 {1/2-1/2 Golubev,M-Srokowski,J/
Germany Bundesliga 1997 (26)}) 13... Qc7 14. Qh3 Rd8 (14... O-O 15. Bf4 e5 16.
Be3 $11 (16. Bg5 $11)) 15. f4 O-O $11 {Schwarz hat endlich die Entwicklung
beendet und trotz der weißen Angriffschancen hat er eine verteidigungsfähige
Stellung.} 16. Rf1 {[%cal Gd3h7,Gh3h7,Gf1f6] Jetzt muß Schwarz immer mit e4-e5
nebst Rxf6 rechnen.} (16. e5 dxe5 17. fxe5 Qxe5 18. Bb6 {[%cal Rb6d8,Re1e5]}
Qg5 (18... Bc5+ 19. Kh1 (19. Bxc5 $2 Qxc5+ $17) 19... Qxe1+ 20. Rxe1 Bxb6 21.
Rf1 h5 22. Rxf6 gxf6 23. Qxh5 f5 $13) 19. Bxd8 Rxd8 $44 {Schwarz hat Qualität
weniger, aber gutes Figurenspiel und keine Schwächen.}) 16... Rfe8 {Für den
Fall 17.e5 bereitet Schwarz ein Schlupfloch für den König auf f8 vor.} (16...
e5) 17. Kh1 (17. e5 $6 dxe5 18. fxe5 Qxe5 19. Rxf6 Bxf6 20. Qxh7+ Kf8 $17)
17... Bf8 18. Bf2 {[%cal Gf2h4,Gh4d8]} h6 (18... g6 19. Bh4 Bg7 20. f5 $14) 19.
Bh4 Be7 {Schwarz muß den f6-Springer mit einer Figur verteidigen.} 20. Rde1 Bc6
21. Nd1 $6 {[%cal Gd1f2,Gf2g4,Gd1e3,Ge3g4] Dieser Zug scheint mir zu langsam.}
(21. e5 Nd5 (21... dxe5 22. fxe5 Nd5) 22. Ne4 dxe5 23. fxe5 Bxh4 24. Qxh4 Qe7 (
24... Qxe5 25. Nf6+ Qxf6 26. Rxf6 Nxf6 $14 {Schwarz hat Turm,Springer und
Bauer gegen die Dame, aber eine feste Stellung.}) 25. Qg3 $36) 21... Nd7 $5 {
Schwarz beginnt das Springermanöver Nd7-c5, um dann auf d3 den gefährlichen
weißen Angriffsläufer zu tauschen.} 22. Nf2 (22. Bxe7 Rxe7 23. Qh4 Nc5 $11)
22... Nc5 23. Re3 {[%cal Ge3g3,Gg3g8]} Bxh4 24. Qxh4 f5 $5 {Dieser Zug nimmt
Weiß alle Angriffschancen und aktiviert den schwarzen Läufer.} (24... Qe7 $11)
25. exf5 Nxd3 26. Nxd3 exf5 {[%csl Ye4][%cal Gc6h1][%mdl 4128]} 27. Rfe1 Rxe3 (
27... Be4 $11) 28. Rxe3 Be4 {[%csl Ge4]} 29. Qf2 Kh7 {Der König steht auf h7
sicher und in einigen Varianten kann Schwarz ...g7-g5 spielen.} 30. Kg1 d5 $15
{[%csl Ge4] Schwarz hat besseres Figurenspiel, denn der Läufer ist hier dem
Springer überlegen.} 31. h3 Rc8 32. Re2 (32. c3) 32... Qc4 33. Ne5 Qc5 34. c3 (
34. Qxc5 Rxc5 35. c3 a5) 34... a5 {Schwarz bereitet den Durchbruch ...b5-b4 am
Damenflügel vor.} (34... Qxf2+ 35. Kxf2 a5 36. Ke3) 35. Qxc5 Rxc5 36. Kf2 b4 $1
{Auch nach Damentausch hat Schwarz die Initiative.} 37. axb4 axb4 38. cxb4 Rb5
{[%csl Rb4,Ge4] Schwarz bekommt den b-Bauern zurück und sein Turm wird viel
aktiver, sein weißes Gegenüber. Allerdings bietet das reduzierte Material dem
Weißen gute Rettungschancen.} 39. Nc6 Rb6 40. Nd4 Rxb4 {[%csl Gb4]} 41. Rd2 g5
{[%csl Gb4,Ge4]} 42. g3 (42. fxg5 hxg5 $15) 42... gxf4 43. gxf4 Kg6 {[%csl Gg6]
[%cal Gg6h5,Gh5h4] Der schwarze König hat Möglichkeiten, am Königsflügel
einzudringen.} 44. Nc6 Rb6 (44... Rb3 45. Ne7+ Kf7 46. Nxd5 Rxh3 47. Nc3 Rf3+
48. Ke2 Rxf4 49. Nxe4 Rxe4+ 50. Kf3 $15) 45. Ne5+ (45. Ne7+ $2 Kf7 46. Nc8 (46.
Nxd5 $2 Rd6 $19 {[%csl Rd2,Rd5]}) 46... Rb3 47. Nd6+ Ke6 48. Nxe4 fxe4 $17)
45... Kh5 {[%csl Gh5]} 46. Nd7 Rb5 47. b4 $5 {Der weiße b-Bauer ist noch nicht
stark, aber Weiß möchte die Stellung vereinfachen und strebt dabei das
Endspiel Turm gegen Turm und f- und h-Bauer an, das bei gutem weißen Spiel
theoretisch Remis wäre.} (47. Nf6+ Kh4 48. Nxe4 dxe4 49. Kg2 Rb3 $17) 47... Kh4
(47... Rxb4 48. Nf6+ Kh4 49. Nxd5 Rb3 $5 (49... Bxd5 50. Rxd5 Rxf4+ 51. Kg2 $11
)) 48. Rb2 {[%csl Gb4]} Kxh3 49. Nc5 d4 (49... Kg4 50. Ke3 $11) 50. Rb3+ d3 $6
(50... Kg4 $5 51. Ne6 d3 $17) 51. Nxd3 Bxd3 52. Rxd3+ Kg4 53. Rd4 h5 {[%csl
Rf2,Gg4] Schwarz hat einen aktiven König, einen Freibauern in der h-Linie und
der weiße Turm muß auf der vierten Reihe bleiben, aber es scheint, daß das zu
wenig für den Gewinn ist.} 54. Kg2 Rb8 55. Rc4 h4 56. Rd4 {Weiß kann nur
abwarten.} Rb7 57. Rc4 Rb5 58. Rd4 Rb6 59. Rc4 Rb8 60. Rd4 Ra8 {[%cal Ra8a2,
Ra2g2] Endlich wählt Schwarz den richtigen Plan.} 61. Rd2 $5 {Weiß gibt für
die im Turmendspiel äußerst wichtige Aktivität seinen f-Bauern auf und bleibt
nicht mit dem Turm auf der 4. Reihe. Er plant mit Rb2 seinen b-Bauern zu
unterstützen.} (61. Rc4 Ra2+ 62. Kg1 Kg3 63. Rc3+ Kxf4 $17) 61... Kxf4 62. b5 {
[%csl Gb5]} Rg8+ (62... Rb8 63. Rd4+ Kg5 64. Rb4 $11 {[%csl Gb4] Und Weiß kann
leicht Remis halten.}) 63. Kf2 h3 {[%cal Rg8g2,Rg2d2]} 64. Rd4+ Ke5 65. Rh4 {
Weiß bekommt den h-Bauern und die Stellung ist theoretisch Remis.} Rg2+ 66. Kf3
Rb2 (66... Rh2 67. b6 $11 (67. Kg3 $11)) 67. Rxh3 Rxb5 $11 {Ein wohlbekannte
Remisstellung. Der Mehrbauer ist nicht zu verwerten.} 68. Rh4 Rb3+ 69. Kf2 f4
70. Rh8 {[%cal Gh8e8,Ge8e5]} Rb2+ 71. Kf3 Rb3+ 72. Kf2 {[%mdl 4128] Und
endlich wurde Remis gegeben.} 1/2-1/2